MARC

LEADER 00000nam0a2200000 4500
001 32141
005 20231030204744.0
010 |a 5247025040 
035 |a (RuTPU)RU\TPU\book\32437 
035 |a BOOK00000516 
090 |a 32141 
100 |a 20011210d1993 km y0rusy50 ca 
101 0 |a rus 
102 |a RU 
105 |a a z 000zy 
200 1 |a Технология добычи и переработки железных руд на карьерах  |f А. Т. Калашников 
210 |a Москва  |c Недра  |d 1993 
215 |a 219 с.  |c ил. 
320 |a Библиогр.: с. 215-217. 
610 1 |a горное дело 
610 1 |a железные руды 
610 1 |a добыча 
610 1 |a переработка 
610 1 |a горные породы 
610 1 |a разрушение 
610 1 |a окружающая среда 
610 1 |a охрана 
675 |a 622.341.012  |v 3 
700 1 |a Калашников  |b А. Т.  |g Анатолий Тимофеевич 
801 0 |a RU  |b 63413507  |c 20011210  |g PSBO 
801 2 |a RU  |b 63413507  |c 20051223  |g PSBO 
942 |c BK